Engineering Mechanics : Statics Computational (Record no. 4244)

MARC details
000 -LEADER
fixed length control field 00576nam a2200193 a 4500
020 ## - INTERNATIONAL STANDARD BOOK NUMBER
ISBN 0534549217 (hardcover)
020 ## - INTERNATIONAL STANDARD BOOK NUMBER
ISBN 9780534549213 (hardcover)
082 ## - DEWEY DECIMAL CLASSIFICATION NUMBER
Classification number 620.1 SOU
100 1# - MAIN ENTRY--AUTHOR NAME
Personal name Soutas-Little, Robert W.
245 10 - TITLE STATEMENT
Title Engineering Mechanics : Statics Computational
250 ## - EDITION STATEMENT
Edition statement 1st ed.
260 ## - PUBLICATION, DISTRIBUTION, ETC. (IMPRINT)
Place of publication [S.l.] :
Name of publisher Cengage Learning,
Year of publication 2007.
300 ## - PHYSICAL DESCRIPTION
Number of Pages 504 p. ;
650 ## - SUBJECT ADDED ENTRY--TOPICAL TERM
Topical Term Engineering Mechanics- Static
700 1# - ADDED ENTRY--PERSONAL NAME
Personal name Inman, Daniel J.
700 1# - ADDED ENTRY--PERSONAL NAME
Personal name Balint, Daniel.
856 40 - ELECTRONIC LOCATION AND ACCESS
Uniform Resource Identifier http://www.amazon.com/exec/obidos/ASIN/0534549217/chopaconline-20
942 ## - ADDED ENTRY ELEMENTS (KOHA)
Koha item type Books
Holdings
Withdrawn status Lost status Home library Current library Date acquired Cost, normal purchase price Full call number Accession Number Koha item type
    Central Library, QUEST, Nawabshah Central Library, QUEST, Nawabshah 25/05/2014 25774.00 620.1SOU 48292 Books
    Central Library, QUEST, Nawabshah Central Library, QUEST, Nawabshah 25/05/2014 25774.00 620.1SOU 48293 Books
    Central Library, QUEST, Nawabshah Central Library, QUEST, Nawabshah 25/05/2014 25774.00 620.1SOU 48294 Books
    Reference Section Reference Section 25/05/2014 25774.00 620.1SOU (Shelf - 39A) 48290 Books
    Reference Section Reference Section 25/05/2014 25774.00 620.1SOU (Shelf - 39A) 48291 Books